01033njm a2200265Ia 450000100060000000300090000600500170001500800410003204000130007304000130008610000130009910000180011210000370013024500180016725000110018526000110019626000320020730000100023930000290024950000550027850502700033365000550060370000590065870000500071724657IT-RoPAU20220918181112.0131025s9999 xx 000 0 und d aIT-RoPAU cIT-RoPAU aAnonimo  eAutore musica gCodice autore musica SPICS: 2620 aMelodie russe a1a ed. aITALIA bPOLYDORc1977 [1a Ed.:1977] aDISCO c45 minuti (Testo: pag.) aMusica strumentale. Arrangiamento di melodie russe aSeid Nicht Traurig - Der Schone Strassenhandler - Nadjenka - Das Apfelchen - Gapak - Szamara, Du Schone Stadt - Katjuscha - Krakowiak - Der Einsame Hirte - Trepak - Bublitschki - Die Fliegende Troika - Einsame Stille Hinter Den Mauern - Das Glockchen - Kamarinskaja aARRANGIAMENTO [DISCHI]eCodice MATERIA SPICS: 9950 aLast JameseInterpretegCodice interprete SPICS: 10976 aLast JamesgCodice utore SPICS: 10976eAutore